| 000 | 00785nab a2200241 4500 | ||
|---|---|---|---|
| 003 | BR-BrBNA | ||
| 005 | 20240814155100.0 | ||
| 008 | 240718b bl.||||| |||| 00| 0 por d | ||
| 040 |
_aBR-BrBNA _bpor |
||
| 072 |
_aL73 ; L70 _b4150 ; 3888 |
||
| 100 | _aCosta, Antônio | ||
| 245 |
_aAftosa: Tocantins livre _bVacinação |
||
| 500 | _a3 illus. | ||
| 650 | _aAFTOSA | ||
| 650 | _aDOENÇA VIRÓTICA | ||
| 650 | _aDOENÇA ANIMAL | ||
| 650 | _aVACINAÇÃO | ||
| 650 | _aLEGISLAÇÃO | ||
| 650 | _aTOCANTINS | ||
| 773 | 0 |
_04604 _9317189 _dPalmas - Tocantins Terranova Gráfica e Editora Jornalística Ltda 2005 _o2024-3813 _tCerrado Rural Agronegócios (Brazil) _x1980-2595 _gv. 3(18) p. 34; (Jun 2006) _wBR2024001977 |
|
| 942 | _cAnalítica | ||
| 999 |
_c300587 _d300587 |
||